000 00886cab a2200253 4500
001 WB3515-17
008 090401t1999 xxu||||| |||| 00| 0 eng d
035 _a(Sirsi) u92860
041 _aeng
245 _aRental home shortage looms
260 _c1999
350 _a0
490 _aProperty Week
_v64(15) 16 April 1999, 19(1)
520 _aA report from FPDSavills suggests that the number of privately rented homes in the UK needs to double by 2016 to satisfy demand. Currently only 1.2m homes in the UK are privately rented, making it the smallest private rented sector in the Western world.
650 _aFPDSAVILLS
650 _aPRIVATE RENTED SECTOR
650 _aRENTAL MARKET
650 _aRENTED HOUSING
650 _aREPORTS
650 _aSHORTAGE
690 _aPROPERTY-RESIDENTIAL PROPERTY-RESIDENTIAL PROPERTY MARKET
942 _n0
948 _c20/04/1999
999 _c58862
_d58862